[Event "OP-2013-0-03091"]
[Site "LSS email"]
[Date "2013.10.31"]
[Round "?"]
[White "Lenz, Juergen"]
[Black "Grudzien, Krzysztof"]
[Result "1-0"]
[WhiteElo "1016"]
[BlackElo "800"]
[PlyCount "22"]
[EventDate "2013.10.28"]
[EventType "tourn (corr)"]
[EventRounds "4"]
[EventCountry "GER"]
[SourceTitle "Corr 2015"]
[Source "ChessBase"]
[SourceDate "2015.07.17"]
[SourceVersion "1"]
[SourceVersionDate "2015.07.17"]
[SourceQuality "1"]

1. d4 c6 2. Nf3 Qa5+ 3. c3 d5 4. Bf4 Nf6 5. Nbd2 Ng4 6. h3 Nf6 7. e3 h5 8. Bd3 Rh6 9. Bxh6 gxh6 10. Nb3 Qa6 11. Bxa6 bxa6 1-0